000 00281nam a22001217a 4500
008 170713b xxu||||| |||| 00| 0 eng d
041 _aeng
080 _a038
100 _a23
101 _aFJA
245 _aA POLLO CROSSWORD PUZZLE DICTIONARY
_cSWANFELDT.A
942 _2udc
_cBK
999 _c20461
_d20461